A-Z: Answers containing "USA" - Statistics

General Stats
  • This quiz has been taken 7 times
  • The average score is 5 of 26
Answer Stats
Initial Clue Answer % Correct
C Christian holy war against Muslims in the Middle Ages (7) Crusade
86%
U (Of an object) capable of being employed for some purpose Usable
57%
S Roughly cylindrical meat product, often cooked on a barbecue (7) Sausage
43%
Z The German word meaning "together" (8) Zusammen
43%
A A statement claiming that a person committed a crime (10 letters) Accusation
29%
E Pardonable, understandable (9) Excusable
29%
H Language of Nigeria and Niger (5) Hausa
29%
R The act of saying no; unwillingness to grant a request or accept an offer (7) Refusal
29%
T Quite large number (8) Thousand
29%
B Uncommon variant of the adjective for the country whose capital is Minsk (9) Belarusan
14%
G The capital of Zamfara state in Nigeria (5) Gusau
14%
I Tom Jones song, a title asserting that the situation is normal (13) It's Not Unusual
14%
J Name which appears in a locale in Provence, and a local wine; without hesitation, we can declare the holy city to be here (7) Jusalem
14%
K A native group and language of Oregon (5) Kusan
14%
M Relating to, or undergoing, the permanent cessation of menstruation (12) Menopausal
14%
N Only suitable for using once (11) Non-reusable
14%
P Fancy word meaning the act of reading or examining something (7) Perusal
14%
Q The ace of clubs, the less violent of Saddam Hussein's two sons (5) Qusay
14%
Y The surname of ex-Scottish first minister Humza, a common Arabic name (6) Yousaf
14%
D Subclass of jellyfish which love to dance, but anyone who looks at them will turn to stone (12) Discomedusae
0%
F Beaded moulding for columns which has a function in classical architecture (8) Fusarole
0%
L Region of eastern Germany northwest of Silesia, east of the Elbe River (7) Lusatia
0%
O The state of too much stimulation (11) Overarousal
0%
V Internally huge tribe of western Kenya (6) Vugusa
0%
W Town located in a state also known as Indiana (8) Wakarusa
0%
X The scientific name of Sonoran goldenbush - dahlia staff you mix (17) Xylothamia diffusa
0%
No matching quizzes found
Score Distribution
Percent of People with Each Score
Percentile by Number Answered
Your Score History
You have not taken this quiz